Heartless #7 / Sara Shepard.
Available copies
- 2 of 2 copies available at LARL/NWRL Consortium.
- 1 of 1 copy available at Lake Agassiz Regional Library. (Show preferred library)
Current holds
0 current holds with 2 total copies.
Show Only Available Copies
| Location | Call Number / Copy Notes | Barcode | Shelving Location | Status | Due Date |
|---|---|---|---|---|---|
| Moorhead Public Library | Y SHE (Text) | 33500010327609 | Main | Available | - |
| Warroad Public Library | ya SHE (Text) | 35500004641724 | Main | Available | - |
Record details
- ISBN: 9780061566141 (trade bdg.)
- ISBN: 0061566144 (trade bdg.)
- ISBN: 9780061566165
- Physical Description: p. cm.
- Edition: 1st ed.
- Publisher: New York : HarperTeen, 2010.
Content descriptions
| Summary, etc.: | After high school juniors Spencer, Emily, Hanna, ... Read More |
Search for related items by subject
| Subject: | Friendship > Fiction. Secrets > Fiction. Conduct of life > Fiction. High schools > Fiction. Schools > Fiction. Mystery and detective stories. |
Search for related items by series
| LDR | 01804cam a22004338a 4500 | ||
|---|---|---|---|
| 001 | 112671 | ||
| 003 | LARL_NWRL_CONSORTIUM | ||
| 005 | 20100113163105.0 | ||
| 008 | 091116s2010 nyu d 000 1 eng | ||
| 020 | . | ‡a9780061566141 (trade bdg.) | |
| 020 | . | ‡a0061566144 (trade bdg.) | |
| 020 | . | ‡a9780061566165 | |
| 035 | . | ‡a(OCoLC)419856267 | |
| 042 | . | ‡alcac | |
| 082 | 0 | 0. | ‡a[Fic] ‡222 |
| 100 | 1 | . | ‡aShepard, Sara, ‡d1977- ‡0(LARL_NWRL_CONSORTIUM)196179 |
| 245 | 1 | 0. | ‡aHeartless ‡n#7 / ‡cSara Shepard. |
| 250 | . | ‡a1st ed. | |
| 260 | . | ‡aNew York : ‡bHarperTeen, ‡c2010. | |
| 300 | . | ‡ap. ‡ccm. | |
| 490 | 0 | . | ‡aPretty little liars ; ‡v#7 |
| 520 | . | ‡aAfter high school juniors Spencer, Emily, Hanna, and Aria think they have seen Ali, their missing and presumed dead friend, they pursue clues from a mysterious stalker, trying to find out if she is still alive. | |
| 650 | 1. | ‡aFriendship ‡vFiction. ‡0(LARL_NWRL_CONSORTIUM)164944 | |
| 650 | 1. | ‡aSecrets ‡vFiction. | |
| 650 | 1. | ‡aConduct of life ‡vFiction. ‡0(LARL_NWRL_CONSORTIUM)164296 | |
| 650 | 1. | ‡aHigh schools ‡vFiction. ‡0(LARL_NWRL_CONSORTIUM)169592 | |
| 650 | 1. | ‡aSchools ‡vFiction. ‡0(LARL_NWRL_CONSORTIUM)167222 | |
| 650 | 1. | ‡aMystery and detective stories. ‡0(LARL_NWRL_CONSORTIUM)176113 | |
| 901 | . | ‡a112671 ‡bOCLC ‡c112671 ‡tbiblio | |

Add to basket
Permalink
Disable Highlighting